[Event "Karl Mala Memorial op-A 16th"]
[Site "Frankfurt"]
[Date "2013.07.13"]
[Round "4"]
[White "Karsay, Pascal"]
[Black "Jordake, Michael"]
[Result "1-0"]
[WhiteElo "1693"]
[BlackElo "1824"]
[PlyCount "83"]
[EventDate "2013.07.11"]
[EventType "swiss"]
[EventRounds "7"]
[EventCountry "GER"]
[SourceTitle "EXT 2014"]
[Source "ChessBase"]
[SourceDate "2013.11.20"]
[SourceVersion "1"]
[SourceVersionDate "2013.11.20"]
[SourceQuality "1"]

1. d4 Nf6 2. c4 e5 3. dxe5 Ng4 4. Nf3 Nc6 5. Nc3 Ncxe5 6. Nxe5 Nxe5 7. e3 Bb4 8. Bd2 0-0 9. Be2 d6 10. a3 Bxc3 11. Bxc3 Qe7 12. 0-0 Rd8 13. Qd2 Be6 14. b3 Bf5 15. h3 Rab8 16. b4 a6 17. Rac1 f6 18. Bb2 Qf7 19. f4 Nc6 20. Bf3 Ne7 21. e4 Bd7 22. Qe2 Kf8 23. e5 Nf5 24. exf6 gxf6 25. Qf2 Qg7 26. Kh2 Re8 27. Rce1 Be6 28. c5 Qh6 29. Bg4 Kf7 30. Bxf5 Bxf5 31. Qf3 Qg6 32. g4 Be4 33. Qb3+ d5 34. f5 Qg5 35. Bc1 Qh4 36. Rxe4 Kg7 37. Qxd5 Rbd8 38. Qxb7 Kf8 39. Rxe8+ Rxe8 40. Qf3 Re1 41. Bh6+ Ke8 42. Rxe1+ 1-0

[Event "Karl Mala Memorial op-A 16th"]
[Site "Frankfurt"]
[Date "2013.07.11"]
[Round "1"]
[White "Jordake, Michael"]
[Black "Keller, Peter1111"]
[Result "0-1"]
[WhiteElo "1824"]
[BlackElo "2091"]
[PlyCount "72"]
[EventDate "2013.07.11"]
[EventType "swiss"]
[EventRounds "7"]
[EventCountry "GER"]
[SourceTitle "EXT 2014"]
[Source "ChessBase"]
[SourceDate "2013.11.20"]
[SourceVersion "1"]
[SourceVersionDate "2013.11.20"]
[SourceQuality "1"]

1. Nc3 e5 2. Nf3 Nc6 3. d4 exd4 4. Nxd4 Nf6 5. Bg5 Bc5 6. Nf3 h6 7. Bxf6 Qxf6 8. Nd5 Qd8 9. e3 d6 10. Bc4 0-0 11. Nd2 Ne5 12. h3 Nxc4 13. Nxc4 c6 14. Nf4 d5 15. Nd2 Qb6 16. Nd3 Bd6 17. 0-0 Bf5 18. Rb1 Qa6 19. Nc1 c5 20. a3 Rfd8 21. Ncb3 Rac8 22. Rc1 Be5 23. Rb1 Qg6 24. Nf3 Bf6 25. Ne1 Bxh3 26. Qf3 Bg4 27. Qg3 Be2 28. Qf4 Re8 29. Qa4 a6 30. Nxc5 b5 31. Qxa6 Rxc5 32. b4 Rcc8 33. Nd3 Bxf1 34. Kxf1 Rxc2 35. Qxb5 Rec8 36. Rd1 Qh5 0-1

[Event "Rhein Main op-B 16th"]
[Site "Bad Homburg"]
[Date "2013.06.01"]
[Round "6"]
[White "Jordake, Michael"]
[Black "Hoelss, Manuel"]
[Result "1-0"]
[WhiteElo "1824"]
[BlackElo "1621"]
[PlyCount "109"]
[EventDate "2013.05.29"]
[EventType "swiss"]
[EventRounds "7"]
[EventCountry "GER"]
[SourceTitle "EXT 2014"]
[Source "ChessBase"]
[SourceDate "2013.11.20"]
[SourceVersion "1"]
[SourceVersionDate "2013.11.20"]
[SourceQuality "1"]

1. Nc3 c5 2. g3 Nc6 3. Bg2 Nf6 4. e4 e5 5. d3 Be7 6. Nge2 Nd4 7. 0-0 Rb8 8. f4 d6 9. Nxd4 cxd4 10. Nb1 Qb6 11. h3 h5 12. Nd2 h4 13. Nc4 Qc7 14. g4 b5 15. fxe5 Nxe4 16. exd6 Nxd6 17. Ne5 Bb7 18. Qe2 Bxg2 19. Qxg2 0-0 20. Bf4 Qb7 21. Nc6 Rbc8 22. Nxe7+ Qxe7 23. Rae1 Qd7 24. Qd5 Rcd8 25. Qxd4 Qc6 26. Qf2 f6 27. Re2 g5 28. Be3 Rd7 29. Bxg5 Rdf7 30. Bh6 Re8 31. Rxe8+ Nxe8 32. g5 Qc7 33. g6 Rd7 34. Re1 Ng7 35. Qxh4 Rd5 36. Bf4 Qc5+ 37. Qf2 Qc8 38. Qf3 Rf5 39. Qe4 Rh5 40. Re3 Nf5 41. Qd5+ Kh8 42. Qf7 Ng7 43. Qxf6 Rf5 44. Qd4 Qf8 45. Rf3 Kg8 46. Kf2 Ne6 47. Qxa7 Ng5 48. Kg3 Qh6 49. Qh7+ Qxh7 50. gxh7+ Nxh7 51. Bd2 Rc5 52. c3 Ng5 53. Bxg5 Rxg5+ 54. Kf4 Rg7 55. Rg3 1-0